000 00514nam a2200181 4500
003 SEACOMMC
005 20250502113035.0
008 240913b |||||||| |||| 00| 0 eng d
020 _a978-1259-0052-75
_c$5.95
040 _aSEACOMMC
082 _a004.22
_bH198
100 _a Hamacher, Carl
245 1 _aComputer Organization /
_c Carl Hamacher, Zvonko Vranesic [and] Safwat Zaky
250 _a5th ed.
260 _a New Delhi
_bMcGraw Hill Educattion
_c 2002
650 _a Computer organization
942 _cBOOK
999 _c556
_d556